Das Westdeutsche bürgertum in der epoche der Hochindustrialisierrung 1860-1914 soziales Verhalten und soziale Strukturen

Kaydedildi:
Detaylı Bibliyografya
Yazar: Henning, Hansjoachim (Yazar)
Materyal Türü: Kitap
Dil:Almanca
Baskı/Yayın Bilgisi: Wiesbaden Franz Steiner 1972
Seri Bilgileri:Historische Forschungen
Konular:
Etiketler: Etiketle
Etiket eklenmemiş, İlk siz ekleyin!

MARC

LEADER 00000nam a2200000 a 4500
001 UCM8754
003 CL-VaPUC
008 030328e19720000GW |||||||||||||||||ger|d
082 0 4 |a 305.55  |b HEN  |2 21 
100 0 |a Henning, Hansjoachim  |e author  |9 474947 
245 1 4 |a Das Westdeutsche bürgertum in der epoche der Hochindustrialisierrung 1860-1914 soziales Verhalten und soziale Strukturen 
300 |a 509 p 
942 |c BK 
945 |d 20030328 00:00:00  |a rbrito 
260 |a Wiesbaden  |b Franz Steiner  |c 1972 
650 0 |a Burguesía  |9 318985 
650 7 |a REVOLUCION INDUSTRIAL 1860-1914  |2 CL-VaPUC  |9 474948 
650 0 |a Cambio social   |9 256857 
651 0 |a Alemania  |9 255688 
583 |a last modification  |c 20120830 10:35:53  |k Rodrigo Vera 
490 0 |a Historische Forschungen 
999 |c 303192  |d 303190 
952 |0 0  |1 0  |4 0  |6 305_550000000000000_HEN_1972  |7 0  |8 A  |9 364340  |a BIBHIS  |b BIBHIS  |d 2019-11-21  |i 3743012  |o 305.55 HEN 1972  |p 3743012  |r 2025-01-20  |w 2019-11-21  |y BK  |k HIS